La propriet ̉e i diritti reali

Detalles Bibliográficos
Autor principal: Pasquale Boccia, Antonio Vito
Formato: eBook
Lenguaje:italiano
Publicado: Piacenza : Casa Editrice La Tribuna, 2012
Materias:
Acceso en línea:Acceso restringido

MARC

LEADER 00000nam a22000007a 4500
005 20120905174914.0
007 cr|||| ||||
008 120905s2012 it |||||s|||| 00||0 ita d
020 |a 9788861327238 
035 |a 6594 
040 |a vLex 
090 |c 3374  |d 3374 
100 1 |a Pasquale Boccia, Antonio Vito 
245 1 3 |a La propriet ̉e i diritti reali  |h [Recurso electrn̤ico] /   |c Antonio Vito Pasquale Boccia 
256 |a Servicio en ln̕ea 
260 |a Piacenza :  |b Casa Editrice La Tribuna,   |c 2012 
300 |a 1 recurso electrn̤ico 
506 1 |a Contenido solo disponible en los productos indicados  |d vLex Global   |d vLex Global (Academic Edition, excluding Law Schools)   |d vLex Global (U.S. Academic Edition, Law Schools)   |d vLex Global (U.S. Academic Edition, excluding Law Schools)   |d vLex Global (Academic Edition, Law Schools)  
650 0 4 |a Derecho civil  |z Italia 
650 0 4 |a Propiedad  |z Italia 
740 0 |a vLex Libros (Servicio en ln̕ea) 
856 4 0 |u http://vlex.com/source/proprieta-diritti-reali-6594  |z Acceso restringido 
942 |c BOOK 
999 0 |a Civil law 
999 0 |a Property